| 000 | 00652nam a2200253Ia 4500 | ||
|---|---|---|---|
| 008 | 170203s9999 xx 000 0 und d | ||
| 020 | _a0 753407973 | ||
| 050 | _a0 30 | ||
| 050 | _bT238q 2002 | ||
| 100 | _aTaylor, Barbara, 1954- | ||
| 245 | _aMammals / | ||
| 245 | _cBarbara Taylor. | ||
| 260 | _bGrolier, | ||
| 260 | _c2002 | ||
| 300 | _a40 pages : | ||
| 300 | _bcolor illustrations ; | ||
| 300 | _c28 cm. | ||
| 440 | _aQuestions and answers. | ||
| 440 | _vvol. 8 | ||
| 500 | _aArbitrarily numbered. | ||
| 650 | _aChildren's questions and answers. | ||
| 650 | _aMammals -- Miscellanea -- | ||
| 650 | _xJuvenile literature. | ||
| 999 |
_c305647 _d305647 |
||